Bifurcations of Planar Vector Fields : proceedings of a Meeting held in Luminy, France, Sept. 18-22, 1989
Αποθηκεύτηκε σε:
| Άλλοι συγγραφείς: | , |
|---|---|
| Μορφή: | Βιβλίο |
| Γλώσσα: | English |
| Δημοσίευση: |
Berlin ; New York :
Springer-Verlag,
c1990.
|
| Σειρά: | Lecture notes in mathematics (Springer-Verlag)
; 1455 |
| Θέματα: | |
| Ετικέτες: |
Προσθήκη ετικέτας
Δεν υπάρχουν, Καταχωρήστε ετικέτα πρώτοι!
|
MARC
| LEADER | 00000cam a2200000 i 4500 | ||
|---|---|---|---|
| 001 | 1/29760 | ||
| 008 | 941103s1990####gw | ||| |||| ||eng|| | ||
| 020 | |a 3540535098 | ||
| 035 | |l 10038398 | ||
| 035 | |a 1993 | ||
| 040 | |a GR-MyUA |b gre |e AACR2 | ||
| 041 | 0 | |a eng | |
| 082 | 0 | |a 515.35 |2 (20) | |
| 245 | 1 | 0 | |a Bifurcations of Planar Vector Fields : |b proceedings of a Meeting held in Luminy, France, Sept. 18-22, 1989 / |c J.-P. Francoise, R. Roussarie (Eds.). |
| 260 | |a Berlin ; |a New York : |b Springer-Verlag, |c c1990. | ||
| 300 | |a vi, 396 σ. : |b εικ. ; |c 24 εκ. | ||
| 490 | 1 | |a (Lecture notes in mathematics (Springer-Verlag) |v ; 1455) | |
| 650 | 0 | 0 | |a Bifurcation theory |x Congresses. |
| 650 | 0 | 0 | |a Vector fields |x Congresses. |
| 700 | 1 | |a Francoise, J.-P. |q (Jean-Pierre), |d 1953- |e edt | |
| 700 | 1 | |a Roussarie, Robert H. |e edt | |
| 830 | 0 | |a Lecture notes in mathematics (Springer-Verlag) |v ; 1455 | |
| 852 | |a INST |b SAMOS |e 19941103 |h 515.35 BIF |p 005300007799 |q 005300007799 |t BK |y 0 | ||
| 909 | |a Σ |b 029310 | ||